[Event "Mitropa Cup 28th"]
[Site "Rogaska Slatina"]
[Date "2009.05.15"]
[Round "7"]
[White "Schiendorfer, Emanuel"]
[Black "Doric, Darko"]
[Result "1/2-1/2"]
[WhiteElo "2274"]
[BlackElo "2468"]
[PlyCount "166"]
[EventDate "2009.05.09"]
[EventType "team-tourn"]
[EventRounds "9"]
[EventCountry "SLO"]
[Source "ChessBase"]
[SourceDate "2009.07.02"]
[WhiteTeam "Switzerland"]
[BlackTeam "Croatia"]
[WhiteTeamCountry "SUI"]
[BlackTeamCountry "CRO"]

1. d4 Nf6 2. c4 e6 3. Nf3 b6 4. g3 Ba6 5. Qc2 Bb7 6. Bg2 c5 7. d5 exd5 8. cxd5
Nxd5 9. O-O Be7 10. Rd1 Qc8 11. a3 O-O 12. e4 Nc7 13. Nc3 Nc6 14. Bf4 Ne6 15.
Nd5 Qe8 16. Qd3 Rd8 17. Bh3 d6 18. Qc4 Na5 19. Qa2 c4 20. Rac1 Bxd5 21. Rxd5
Nxf4 22. gxf4 Bf6 23. Qb1 Qa4 24. Qc2 Qxc2 25. Rxc2 Rfe8 26. Nd2 Bxb2 27. Rxb2
c3 28. Rc2 cxd2 29. f3 Nb3 30. Rb2 Rc8 31. Bxc8 Rxc8 32. Rxd6 Rc1+ 33. Kf2 d1=Q
34. Rxd1 Rxd1 35. Rxb3 g6 36. Rc3 Ra1 37. Kg3 b5 38. f5 gxf5 39. exf5 Kg7 40.
Kf4 a6 41. Kg5 h6+ 42. Kf4 Rb1 43. Rc6 a5 44. Ra6 a4 45. Rb6 Rb3 46. Kg4 Rxa3
47. Rxb5 Ra2 48. Kg3 a3 49. Ra5 Ra1 50. Ra6 a2 51. Kf4 f6 52. Ra7+ Kf8 53. Ra8+
Ke7 54. Ra6 Kd7 55. Ra7+ Kc6 56. Ra6+ Kb7 57. Ra3 Kb6 58. Ra8 Kc5 59. Ra4 Kb5
60. Ra8 Kc4 61. Rc8+ Kd3 62. Rd8+ Ke2 63. Ra8 Kf2 64. h3 h5 65. h4 Kg2 66. Ra6
Kh3 67. Rxf6 Rg1 68. Ra6 a1=Q 69. Rxa1 Rxa1 70. Kg5 Kg3 71. Kxh5 Kf4 72. Kg6
Rg1+ 73. Kf6 Rh1 74. Kg6 Rg1+ 75. Kf6 Rg2 76. h5 Rg5 77. h6 Rxf5+ 78. Kg6 Rg5+
79. Kf6 Ra5 80. h7 Ra6+ 81. Kg7 Ra7+ 82. Kg6 Rxh7 83. Kxh7 Kxf3 1/2-1/2

[Event "Mitropa Cup 28th"]
[Site "Rogaska Slatina"]
[Date "2009.05.15"]
[Round "7"]
[White "Kanovsky, David"]
[Black "Erdos, Viktor"]
[Result "1/2-1/2"]
[WhiteElo "2473"]
[BlackElo "2581"]
[PlyCount "39"]
[EventDate "2009.05.09"]
[EventType "team-tourn"]
[EventRounds "9"]
[EventCountry "SLO"]
[Source "ChessBase"]
[SourceDate "2009.07.02"]
[WhiteTeam "Czech Republic"]
[BlackTeam "Hungary"]
[WhiteTeamCountry "CZE"]
[BlackTeamCountry "HUN"]

1. e4 e5 2. Nf3 Nc6 3. Bc4 Bc5 4. O-O d6 5. c3 Bb6 6. Re1 Nf6 7. d3 O-O 8. h3
Ne7 9. Nbd2 Ng6 10. Nf1 c6 11. Bb3 Nh5 12. Bg5 Qc7 13. Nxe5 Nxe5 14. Qxh5 Nxd3
15. Re2 Be6 16. Rd1 Ne5 17. Ng3 Bxb3 18. axb3 f6 19. Be3 Rad8 20. Kh1 1/2-1/2

[Event "Mitropa Cup 28th"]
[Site "Rogaska Slatina"]
[Date "2009.05.15"]
[Round "7"]
[White "Krejci, Jan1"]
[Black "Berczes, David"]
[Result "1/2-1/2"]
[WhiteElo "2430"]
[BlackElo "2513"]
[PlyCount "64"]
[EventDate "2009.05.09"]
[EventType "team-tourn"]
[EventRounds "9"]
[EventCountry "SLO"]
[Source "ChessBase"]
[SourceDate "2009.07.02"]
[WhiteTeam "Czech Republic"]
[BlackTeam "Hungary"]
[WhiteTeamCountry "CZE"]
[BlackTeamCountry "HUN"]

1. e4 c5 2. Nf3 Nc6 3. d4 cxd4 4. Nxd4 Nf6 5. Nc3 e5 6. Ndb5 d6 7. Bg5 a6 8.
Na3 b5 9. Nd5 Be7 10. Bxf6 Bxf6 11. c3 O-O 12. Nc2 Bg5 13. h4 Bh6 14. g3 Be6
15. Bg2 Rb8 16. O-O a5 17. a3 Ne7 18. Nxe7+ Qxe7 19. Re1 g6 20. Ne3 Kh8 21. h5
Qd7 22. Nd5 Kg7 23. Bf3 Bg5 24. Kg2 f5 25. hxg6 hxg6 26. exf5 gxf5 27. Rh1 Rh8
28. Qd3 Qf7 29. Rae1 Rxh1 30. Rxh1 Rh8 31. Rxh8 Kxh8 32. Qd1 Kg7 1/2-1/2

[Event "Mitropa Cup 28th"]
[Site "Rogaska Slatina"]
[Date "2009.05.15"]
[Round "7"]
[White "Papp, Gabor"]
[Black "Cernousek, Lukas"]
[Result "1-0"]
[WhiteElo "2524"]
[BlackElo "2439"]
[PlyCount "93"]
[EventDate "2009.05.09"]
[EventType "team-tourn"]
[EventRounds "9"]
[EventCountry "SLO"]
[Source "ChessBase"]
[SourceDate "2009.07.02"]
[WhiteTeam "Hungary"]
[BlackTeam "Czech Republic"]
[WhiteTeamCountry "HUN"]
[BlackTeamCountry "CZE"]

1. e4 c5 2. Nf3 d6 3. d4 Nf6 4. Nc3 cxd4 5. Nxd4 g6 6. Be3 Bg7 7. f3 Nc6 8. Qd2
O-O 9. Bc4 Bd7 10. O-O-O Rb8 11. Bb3 Na5 12. g4 b5 13. Bh6 Bxh6 14. Qxh6 b4 15.
Nd5 Nxb3+ 16. Nxb3 Nxd5 17. exd5 Rb6 18. Rhg1 e5 19. f4 f5 20. gxf5 Bxf5 21.
fxe5 dxe5 22. Qe3 Qc7 23. Rd2 Rc8 24. Rgg2 Rf6 25. Kb1 a5 26. Nc1 a4 27. Rge2
b3 28. axb3 axb3 29. Qxb3 Qd6 30. Qa3 Rc5 31. Nb3 Rb5 32. Qxd6 Rxd6 33. Rxe5
Kf7 34. Nd4 Rbxd5 35. Nxf5 Rxd2 36. Nxd6+ Rxd6 37. b4 Rd2 38. h3 Rd4 39. c3 Rd3
40. Kc2 Rxh3 41. b5 Rh2+ 42. Kb3 Rh1 43. Re2 h5 44. b6 Rd1 45. c4 h4 46. b7 Rd8
47. c5 1-0

[Event "Mitropa Cup 28th"]
[Site "Rogaska Slatina"]
[Date "2009.05.15"]
[Round "7"]
[White "Rapport, Richard"]
[Black "Konopka, Michal"]
[Result "1/2-1/2"]
[WhiteElo "2371"]
[BlackElo "2450"]
[PlyCount "64"]
[EventDate "2009.05.09"]
[EventType "team-tourn"]
[EventRounds "9"]
[EventCountry "SLO"]
[Source "ChessBase"]
[SourceDate "2009.07.02"]
[WhiteTeam "Hungary"]
[BlackTeam "Czech Republic"]
[WhiteTeamCountry "HUN"]
[BlackTeamCountry "CZE"]

1. e4 Nf6 2. e5 Nd5 3. d4 d6 4. Nf3 dxe5 5. Nxe5 c6 6. Bd3 g6 7. O-O Bg7 8. Re1
O-O 9. Nc3 Nxc3 10. bxc3 Nd7 11. Nf3 Nf6 12. Ba3 Re8 13. c4 Bg4 14. Rb1 Qc7 15.
h3 Bxf3 16. Qxf3 Rad8 17. Qe3 b6 18. Rbd1 e6 19. Bf1 Qc8 20. g3 Nd7 21. h4 c5
22. dxc5 Nxc5 23. h5 Rxd1 24. Rxd1 Rd8 25. Rxd8+ Qxd8 26. Bxc5 bxc5 27. hxg6
hxg6 28. Qxc5 Bd4 29. Qb5 Qf6 30. Qb8+ Kg7 31. Qf4 Qxf4 32. gxf4 Kf6 1/2-1/2

[Event "Mitropa Cup 28th"]
[Site "Rogaska Slatina"]
[Date "2009.05.15"]
[Round "7"]
[White "Baramidze, David"]
[Black "Vitoux, Colomban"]
[Result "1-0"]
[WhiteElo "2547"]
[BlackElo "2446"]
[PlyCount "93"]
[EventDate "2009.05.09"]
[EventType "team-tourn"]
[EventRounds "9"]
[EventCountry "SLO"]
[Source "ChessBase"]
[SourceDate "2009.07.02"]
[WhiteTeam "Germany"]
[BlackTeam "France"]
[WhiteTeamCountry "GER"]
[BlackTeamCountry "FRA"]

1. e4 c5 2. Nf3 Nf6 3. Nc3 d5 4. exd5 Nxd5 5. Bb5+ Bd7 6. Ne5 Bxb5 7. Qf3 f6 8.
Nxb5 Na6 9. Qh5+ g6 10. Nxg6 hxg6 11. Qxh8 Qd7 12. Nc3 Qe6+ 13. Kf1 Nab4 14.
Qh3 Qxh3 15. gxh3 Nc7 16. Rb1 Nxc2 17. d3 e5 18. f4 exf4 19. Bxf4 Ne6 20. Bg3
Rd8 21. Ke2 Bh6 22. a3 Ncd4+ 23. Kf2 f5 24. Be5 Nc6 25. Rhe1 Rxd3 26. Rbd1 Rxd1
27. Nxd1 Nxe5 28. Rxe5 Kd7 29. Re1 Bf4 30. Rg1 g5 31. Ne3 Bxh2 32. Rd1+ Kc6 33.
Nxf5 b5 34. Ng3 c4 35. Kg2 Bxg3 36. Kxg3 a5 37. Kg4 b4 38. axb4 axb4 39. Kf5
Nf4 40. h4 Ng2 41. hxg5 Ne3+ 42. Ke6 Nxd1 43. g6 Kb5 44. g7 Ka4 45. g8=Q c3 46.
bxc3 Nxc3 47. Ke5 1-0

[Event "Mitropa Cup 28th"]
[Site "Rogaska Slatina"]
[Date "2009.05.15"]
[Round "7"]
[White "Braun, Arik"]
[Black "Terrieux, Kevin"]
[Result "1-0"]
[WhiteElo "2564"]
[BlackElo "2449"]
[PlyCount "97"]
[EventDate "2009.05.09"]
[EventType "team-tourn"]
[EventRounds "9"]
[EventCountry "SLO"]
[Source "ChessBase"]
[SourceDate "2009.07.02"]
[WhiteTeam "Germany"]
[BlackTeam "France"]
[WhiteTeamCountry "GER"]
[BlackTeamCountry "FRA"]

1. d4 Nf6 2. c4 e6 3. Nf3 Bb4+ 4. Bd2 c5 5. Bxb4 cxb4 6. g3 O-O 7. Bg2 d6 8.
O-O Nc6 9. d5 exd5 10. cxd5 Ne7 11. Nh4 Bd7 12. e4 Qb6 13. Nd2 Rac8 14. h3 Qd4
15. Rb1 Bb5 16. Nhf3 Qb6 17. Re1 Bd3 18. Ra1 Rfe8 19. Re3 Bb5 20. Bf1 Bxf1 21.
Qxf1 Ng6 22. Rc1 Nd7 23. Ree1 Rc5 24. Rxc5 Nxc5 25. h4 h6 26. h5 Nf8 27. Nh4 g6
28. hxg6 fxg6 29. Re3 Re7 30. Qc4 Kh7 31. Qd4 Ncd7 32. Nhf3 Qc5 33. Nc4 b5 34.
Na5 Qxd4 35. Nxd4 Nf6 36. Nxb5 Rxe4 37. Rxe4 Nxe4 38. Nc6 a6 39. Nc7 Nc5 40.
Nxb4 a5 41. Nc6 a4 42. Nb5 Nd3 43. Nxd6 Nxb2 44. Ne5 g5 45. Ne4 Ng6 46. Nc6 Nc4
47. d6 Nge5 48. Nxe5 Nxe5 49. Nc5 1-0

[Event "Mitropa Cup 28th"]
[Site "Rogaska Slatina"]
[Date "2009.05.15"]
[Round "7"]
[White "Philippe, Christophe"]
[Black "Prusikin, Michael"]
[Result "0-1"]
[WhiteElo "2435"]
[BlackElo "2549"]
[PlyCount "116"]
[EventDate "2009.05.09"]
[EventType "team-tourn"]
[EventRounds "9"]
[EventCountry "SLO"]
[Source "ChessBase"]
[SourceDate "2009.07.02"]
[WhiteTeam "France"]
[BlackTeam "Germany"]
[WhiteTeamCountry "FRA"]
[BlackTeamCountry "GER"]

1. e4 e6 2. d4 d5 3. Nc3 Nf6 4. Bg5 Bb4 5. e5 h6 6. Bd2 Bxc3 7. bxc3 Ne4 8. Qg4
Kf8 9. Qf4 c5 10. Bd3 Nxd2 11. Qxd2 Nc6 12. f4 c4 13. Be2 Bd7 14. Bf3 f5 15.
exf6 Qxf6 16. Rb1 b6 17. Ne2 Ke7 18. O-O Raf8 19. Qc1 Kd8 20. g3 Be8 21. f5
Qxf5 22. Bg2 Qg5 23. Nf4 Bd7 24. Qe3 Re8 25. h4 Qf5 26. Rbc1 g5 27. Nh5 Qg6 28.
Nf6 Ref8 29. h5 Qg7 30. Ng4 Rxf1+ 31. Rxf1 Rf8 32. Re1 Rf7 33. Bf3 Qf8 34. Kg2
Kc7 35. Rf1 Rf5 36. Re1 b5 37. Ne5 Nxe5 38. dxe5 Kb8 39. a4 bxa4 40. Rb1+ Ka8
41. Bg4 Rf7 42. Qd4 a3 43. Ra1 Bc8 44. Kg1 Rb7 45. Qf2 Qxf2+ 46. Kxf2 Rb2 47.
Bd1 a2 48. Ke2 a5 49. Kd2 a4 50. Kc1 a3 51. Kd2 Kb7 52. Be2 Bd7 53. Bg4 Kb6 54.
Bf3 Ba4 55. Bd1 Kc5 56. Kc1 Bd7 57. Kd2 d4 58. Bf3 d3 0-1

[Event "Mitropa Cup 28th"]
[Site "Rogaska Slatina"]
[Date "2009.05.15"]
[Round "7"]
[White "Caruana, Fabiano"]
[Black "Pavasovic, Dusko"]
[Result "1/2-1/2"]
[WhiteElo "2649"]
[BlackElo "2607"]
[PlyCount "135"]
[EventDate "2009.05.09"]
[EventType "team-tourn"]
[EventRounds "9"]
[EventCountry "SLO"]
[Source "ChessBase"]
[SourceDate "2009.07.02"]
[WhiteTeam "Italy"]
[BlackTeam "Slovenia"]
[WhiteTeamCountry "ITA"]
[BlackTeamCountry "SLO"]

1. d4 d5 2. c4 e6 3. Nf3 c6 4. e3 Nf6 5. b3 Ne4 6. Bd3 Bd6 7. O-O Qe7 8. Nbd2
f5 9. Ne5 O-O 10. f3 Nf6 11. Bb2 Nbd7 12. c5 Bc7 13. f4 Ne4 14. b4 Ndf6 15.
Ndf3 Bd7 16. a4 Be8 17. b5 Kh8 18. Qe1 Rc8 19. Ba3 Bxe5 20. fxe5 Ng4 21. a5 Qd8
22. a6 bxa6 23. bxc6 Bxc6 24. h3 Nh6 25. Bb4 Rf7 26. Rxa6 Rb7 27. Ba3 Qe8 28.
Nd2 Nxd2 29. Qxd2 Rcc7 30. Rb1 Rxb1+ 31. Bxb1 Qb8 32. Bc2 Ng8 33. Qa5 Ne7 34.
Bb4 Kg8 35. Be1 h6 36. Bh4 Ng6 37. Be1 Ne7 38. Kh2 Kf7 39. Bh4 g5 40. Be1 Kg7
41. Qa3 Rb7 42. Ba4 Rc7 43. Bc2 Qb7 44. Bd3 Kf7 45. Qa2 Bb5 46. Bxb5 Qxb5 47.
Rd6 Qf1 48. Qb1 h5 49. Rd8 h4 50. Qd1 g4 51. hxg4 h3 52. Kxh3 Qh1+ 53. Kg3 Ng6
54. Kf3 Nh4+ 55. Kg3 Nxg2 56. Qf3 f4+ 57. exf4 Rb7 58. f5 Qxe1+ 59. Kxg2 Rb2+
60. Kh3 Rf2 61. fxe6+ Kg7 62. Rd7+ Kh8 63. Rd8+ Kg7 64. Rd7+ Kh8 65. Qxf2 Qxf2
66. e7 Qe3+ 67. Kh4 Qh6+ 68. Kg3 1/2-1/2

[Event "Mitropa Cup 28th"]
[Site "Rogaska Slatina"]
[Date "2009.05.16"]
[Round "8"]
[White "Doric, Darko"]
[Black "Kreisl, Robert"]
[Result "0-1"]
[WhiteElo "2468"]
[BlackElo "2389"]
[PlyCount "70"]
[EventDate "2009.05.09"]
[EventType "team-tourn"]
[EventRounds "9"]
[EventCountry "SLO"]
[Source "ChessBase"]
[SourceDate "2009.07.02"]
[WhiteTeam "Croatia"]
[BlackTeam "Austria"]
[WhiteTeamCountry "CRO"]
[BlackTeamCountry "AUT"]

1. d4 d5 2. c4 c6 3. Nc3 Nf6 4. Nf3 dxc4 5. a4 Bf5 6. Ne5 Nbd7 7. Nxc4 Qc7 8.
g3 e5 9. dxe5 Nxe5 10. Bf4 Nfd7 11. Bg2 g5 12. Ne3 gxf4 13. Nxf5 O-O-O 14. Qc2
Kb8 15. O-O fxg3 16. hxg3 h5 17. Rfc1 Nf6 18. Nb5 Qb6 19. e3 Bb4 20. Nbd4 a5
21. Qb3 Nfg4 22. Rd1 h4 23. Nxh4 Nxf2 24. Rf1 Nfg4 25. Rf4 c5 26. Ndf5 c4 27.
Qc2 Nxe3 28. Nxe3 Qxe3+ 29. Kh2 Qxf4 30. gxf4 Rxh4+ 31. Bh3 Rd3 32. Qg2 Rhxh3+
33. Qxh3 Rxh3+ 34. Kxh3 Nd3 35. Rb1 Bd2 0-1

[Event "Mitropa Cup 28th"]
[Site "Rogaska Slatina"]
[Date "2009.05.16"]
[Round "8"]
[White "Neubauer, Martin"]
[Black "Jovanovic, Zoran2"]
[Result "0-1"]
[WhiteElo "2414"]
[BlackElo "2525"]
[PlyCount "132"]
[EventDate "2009.05.09"]
[EventType "team-tourn"]
[EventRounds "9"]
[EventCountry "SLO"]
[Source "ChessBase"]
[SourceDate "2009.07.02"]
[WhiteTeam "Austria"]
[BlackTeam "Croatia"]
[WhiteTeamCountry "AUT"]
[BlackTeamCountry "CRO"]

1. d4 Nf6 2. c4 d6 3. Nf3 g6 4. Nc3 Bg7 5. e4 O-O 6. Be2 e5 7. O-O Nbd7 8. Be3
Qe7 9. Qc2 c6 10. d5 Ng4 11. Bg5 f6 12. Bd2 c5 13. Rab1 Nh6 14. b4 cxb4 15.
Rxb4 Nc5 16. Na4 b6 17. Nxc5 bxc5 18. Rb3 f5 19. Ng5 Nf7 20. Nxf7 Qxf7 21. exf5
Bxf5 22. Bd3 Rae8 23. Be4 Qe7 24. g3 Rf7 25. Rfb1 Qf8 26. Be1 Bh6 27. Rb7 Ree7
28. Rb8 Re8 29. R8b7 Ree7 30. Rxe7 Qxe7 31. Rb8+ Kg7 32. Kg2 Qd7 33. Qb1 Bh3+
34. Kg1 Be3 35. Rb3 Bd4 36. Qc2 Qg4 37. Bg2 Bxg2 38. Kxg2 e4 39. h3 Qf5 40. Qe2
h5 41. h4 Qe5 42. a4 e3 43. fxe3 Qe4+ 44. Kg1 Rf3 45. Bf2 Be5 46. Rb7+ Kh6 47.
Re7 Qg4 48. Rxe5 dxe5 49. e4 Rxg3+ 50. Kf1 Qh3+ 51. Ke1 Ra3 52. Qd2+ Kh7 53.
Qg5 Qh1+ 54. Kd2 Ra2+ 55. Ke3 Qc1+ 56. Kf3 Ra3+ 57. Kg2 Qxg5+ 58. hxg5 Kg8 59.
Bxc5 Rxa4 60. Bd6 Rxc4 61. Kf3 Rc3+ 62. Kf2 h4 63. Bxe5 Rc2+ 64. Kg1 Re2 65. d6
Kf7 66. Bf6 Ke6 0-1

[Event "Mitropa Cup 28th"]
[Site "Rogaska Slatina"]
[Date "2009.05.16"]
[Round "8"]
[White "Schachinger, Mario"]
[Black "Martinovic, Sasa"]
[Result "0-1"]
[WhiteElo "2350"]
[BlackElo "2483"]
[PlyCount "56"]
[EventDate "2009.05.09"]
[EventType "team-tourn"]
[EventRounds "9"]
[EventCountry "SLO"]
[Source "ChessBase"]
[SourceDate "2009.07.02"]
[WhiteTeam "Austria"]
[BlackTeam "Croatia"]
[WhiteTeamCountry "AUT"]
[BlackTeamCountry "CRO"]

1. e4 e6 2. d4 d5 3. Nc3 Bb4 4. e5 Ne7 5. a3 Bxc3+ 6. bxc3 c5 7. Qg4 Qc7 8.
Qxg7 Rg8 9. Qxh7 cxd4 10. Ne2 Nbc6 11. f4 Bd7 12. Qd3 dxc3 13. Rb1 O-O-O 14.
Rg1 d4 15. g4 Be8 16. Rg3 Na5 17. Bg2 Qc5 18. Rb4 Nec6 19. Rb5 Qe7 20. Qh7 Qf8
21. Nxc3 dxc3 22. Rxc3 Rxg4 23. Qh3 Qg7 24. Kf2 Kb8 25. Be3 Bd7 26. Qf3 Rg8 27.
Bh1 Rh4 28. Kf1 Rxh2 0-1

[Event "Mitropa Cup 28th"]
[Site "Rogaska Slatina"]
[Date "2009.05.16"]
[Round "8"]
[White "Gustafsson, Jan"]
[Black "Petr, Martin"]
[Result "1/2-1/2"]
[WhiteElo "2631"]
[BlackElo "2460"]
[PlyCount "95"]
[EventDate "2009.05.09"]
[EventType "team-tourn"]
[EventRounds "9"]
[EventCountry "SLO"]
[Source "ChessBase"]
[SourceDate "2009.07.02"]
[WhiteTeam "Germany"]
[BlackTeam "Czech Republic"]
[WhiteTeamCountry "GER"]
[BlackTeamCountry "CZE"]

1. Nf3 Nf6 2. c4 g6 3. Nc3 d5 4. Qa4+ Bd7 5. Qb3 dxc4 6. Qxc4 Bg7 7. e4 O-O 8.
e5 Ne8 9. Be2 c6 10. Qh4 Nc7 11. d4 f6 12. Bc4+ Be6 13. Bxe6+ Nxe6 14. O-O Na6
15. Rd1 Nb4 16. Qe4 Qd7 17. a3 Nd5 18. Re1 Rfe8 19. Bd2 Rad8 20. Rad1 Nxc3 21.
bxc3 Qd5 22. Qxd5 Rxd5 23. c4 Rd7 24. Bc3 fxe5 25. Nxe5 Bxe5 26. Rxe5 Kf7 27.
Rd3 Ng7 28. g4 Rf8 29. Bd2 Kg8 30. Be3 Rfd8 31. d5 cxd5 32. Rdxd5 Rxd5 33. cxd5
Kf7 34. Bxa7 Ne8 35. g5 Rd7 36. Bb6 Nc7 37. Bxc7 Rxc7 38. Kg2 Rc5 39. f4 Rc3
40. Re6 Rxa3 41. Rb6 Rd3 42. Rb5 b6 43. h4 Kg7 44. Kf2 h6 45. Ke2 Rd4 46. Ke3
Rd1 47. Rxb6 hxg5 48. hxg5 1/2-1/2

[Event "Mitropa Cup 28th"]
[Site "Rogaska Slatina"]
[Date "2009.05.16"]
[Round "8"]
[White "Kanovsky, David"]
[Black "Braun, Arik"]
[Result "0-1"]
[WhiteElo "2473"]
[BlackElo "2564"]
[PlyCount "94"]
[EventDate "2009.05.09"]
[EventType "team-tourn"]
[EventRounds "9"]
[EventCountry "SLO"]
[Source "ChessBase"]
[SourceDate "2009.07.02"]
[WhiteTeam "Czech Republic"]
[BlackTeam "Germany"]
[WhiteTeamCountry "CZE"]
[BlackTeamCountry "GER"]

1. e4 c6 2. d4 d5 3. e5 Bf5 4. Nc3 a6 5. Be3 e6 6. g4 Bg6 7. Nge2 c5 8. Qd2 Nc6
9. f4 Qh4+ 10. Bf2 Qxg4 11. dxc5 Nb4 12. Rc1 Rd8 13. Rg1 Qh5 14. Nb5 Nc6 15.
Nd6+ Bxd6 16. cxd6 f6 17. c4 fxe5 18. Rg5 Qxh2 19. Rc3 Nf6 20. Bg2 Ne4 21. Bxe4
Bxe4 22. Rxg7 Rxd6 23. Ng3 Rd7 24. Rxd7 Kxd7 25. cxd5 Bxd5 26. f5 Qh4 27. Qe3
Rg8 28. Qb6 Kc8 29. fxe6 Qe7 30. b4 Rg4 31. a3 Qxe6 32. Qc5 Kd7 33. Qb6 Kc8 34.
Qc5 Kb8 35. a4 Nd4 36. Qf8+ Ka7 37. Rc8 b6 38. a5 Bb7 39. Rc7 Rf4 40. Qd8 bxa5
41. b5 Qb6 42. Ne2 Re4 43. Rxb7+ Qxb7 44. b6+ Qxb6 45. Qe7+ Qb7 46. Qc5+ Ka8
47. Qf8+ Qb8 0-1

[Event "Mitropa Cup 28th"]
[Site "Rogaska Slatina"]
[Date "2009.05.16"]
[Round "8"]
[White "Krejci, Jan1"]
[Black "Baramidze, David"]
[Result "1/2-1/2"]
[WhiteElo "2430"]
[BlackElo "2547"]
[PlyCount "75"]
[EventDate "2009.05.09"]
[EventType "team-tourn"]
[EventRounds "9"]
[EventCountry "SLO"]
[Source "ChessBase"]
[SourceDate "2009.07.02"]
[WhiteTeam "Czech Republic"]
[BlackTeam "Germany"]
[WhiteTeamCountry "CZE"]
[BlackTeamCountry "GER"]

1. e4 e5 2. Nf3 Nc6 3. Bb5 a6 4. Ba4 Nf6 5. O-O Be7 6. Re1 b5 7. Bb3 d6 8. c3
O-O 9. h3 Nb8 10. d4 Nbd7 11. Nbd2 Bb7 12. Bc2 Re8 13. Nf1 Bf8 14. Ng3 g6 15.
a4 c5 16. d5 c4 17. Bg5 h6 18. Be3 Nc5 19. Qd2 h5 20. Bg5 Be7 21. Bh6 Bf8 22.
Bg5 Be7 23. Bh6 Nh7 24. Ra3 Rb8 25. Be3 Bf8 26. Rea1 Bg7 27. Qe2 Bc8 28. axb5
axb5 29. Nd2 h4 30. Ngf1 f5 31. exf5 gxf5 32. Bxc5 dxc5 33. Qh5 e4 34. Ra7 Rf8
35. Nxe4 fxe4 36. Bxe4 Nf6 37. Rxg7+ Kxg7 38. Qg6+ 1/2-1/2

[Event "Mitropa Cup 28th"]
[Site "Rogaska Slatina"]
[Date "2009.05.16"]
[Round "8"]
[White "Prusikin, Michael"]
[Black "Cernousek, Lukas"]
[Result "1-0"]
[WhiteElo "2549"]
[BlackElo "2439"]
[PlyCount "81"]
[EventDate "2009.05.09"]
[EventType "team-tourn"]
[EventRounds "9"]
[EventCountry "SLO"]
[Source "ChessBase"]
[SourceDate "2009.07.02"]
[WhiteTeam "Germany"]
[BlackTeam "Czech Republic"]
[WhiteTeamCountry "GER"]
[BlackTeamCountry "CZE"]

1. d4 e6 2. c4 f5 3. g3 Nf6 4. Bg2 d5 5. Nf3 c6 6. O-O Bd6 7. b3 Qe7 8. Nbd2
Nbd7 9. Bb2 Ne4 10. e3 O-O 11. Ne1 Nxd2 12. Qxd2 dxc4 13. bxc4 e5 14. f4 e4 15.
Nc2 Nf6 16. Rfd1 Be6 17. Bf1 Bf7 18. Qa5 Bh5 19. Rd2 Bf3 20. Ba3 Bxa3 21. Qxa3
Qxa3 22. Nxa3 b6 23. Nc2 c5 24. h3 Rfd8 25. Kf2 Nd7 26. Rb1 Nb8 27. Be2 Bxe2
28. Kxe2 cxd4 29. Nxd4 g6 30. Rbd1 Na6 31. Nc6 Rxd2+ 32. Rxd2 Nc5 33. Rd5 Kf7
34. g4 Rc8 35. Nd4 fxg4 36. hxg4 Rc7 37. Nb5 Re7 38. Rd8 h5 39. g5 Nd3 40. Nd6+
Kg7 41. f5 1-0

[Event "Mitropa Cup 28th"]
[Site "Rogaska Slatina"]
[Date "2009.05.16"]
[Round "8"]
[White "Huss, Andreas"]
[Black "Philippe, Christophe"]
[Result "0-1"]
[WhiteElo "2340"]
[BlackElo "2435"]
[PlyCount "94"]
[EventDate "2009.05.09"]
[EventType "team-tourn"]
[EventRounds "9"]
[EventCountry "SLO"]
[Source "ChessBase"]
[SourceDate "2009.07.02"]
[WhiteTeam "Switzerland"]
[BlackTeam "France"]
[WhiteTeamCountry "SUI"]
[BlackTeamCountry "FRA"]

1. d4 f5 2. Nc3 Nf6 3. Bg5 d5 4. Bxf6 exf6 5. e3 Be6 6. Qf3 Qd7 7. Nge2 Nc6 8.
Nf4 O-O-O 9. Bb5 Bf7 10. Nd3 g6 11. g4 fxg4 12. Qxf6 Bd6 13. Bxc6 bxc6 14. Ne5
Bxe5 15. Qxe5 Qd6 16. Qg5 Be6 17. O-O-O Rdf8 18. Rd2 Rf3 19. e4 Rhf8 20. exd5
cxd5 21. Re1 Bd7 22. Nxd5 Rxf2 23. Rd3 R2f3 24. Ne3 Re8 25. Qa5 Qb6 26. Qd2 Re4
27. Nc4 Rxe1+ 28. Qxe1 Qf6 29. Qe4 Qf4+ 30. Qxf4 Rxf4 31. Ne5 Bf5 32. Rd2 h5
33. c3 h4 34. Rg2 Rf1+ 35. Kd2 h3 36. Re2 Rg1 37. Ke3 g3 38. hxg3 Rxg3+ 39. Kf4
Rg1 40. Nf3 Rg4+ 41. Ke5 Bd3 42. Re3 Bb1 43. Nd2 h2 44. Rh3 Rg5+ 45. Kf6 Rh5
46. Rxh2 Rxh2 47. Nxb1 Rxb2 0-1

[Event "Mitropa Cup 28th"]
[Site "Rogaska Slatina"]
[Date "2009.05.16"]
[Round "8"]
[White "Jenni, Florian"]
[Black "Cossin, Sebastien"]
[Result "1-0"]
[WhiteElo "2516"]
[BlackElo "2471"]
[PlyCount "85"]
[EventDate "2009.05.09"]
[EventType "team-tourn"]
[EventRounds "9"]
[EventCountry "SLO"]
[Source "ChessBase"]
[SourceDate "2009.07.02"]
[WhiteTeam "Switzerland"]
[BlackTeam "France"]
[WhiteTeamCountry "SUI"]
[BlackTeamCountry "FRA"]

1. e4 g6 2. d4 Bg7 3. Nc3 d6 4. Be3 c6 5. f4 Qb6 6. Rb1 e5 7. Nf3 exd4 8. Nxd4
Qd8 9. Be2 Qh4+ 10. g3 Qe7 11. O-O Nf6 12. Bf3 O-O 13. Re1 h5 14. Kg2 Bg4 15.
h3 Bxf3+ 16. Qxf3 Nbd7 17. Bf2 Rfe8 18. Re2 Nc5 19. Rbe1 Nfd7 20. g4 hxg4 21.
hxg4 a5 22. Rh1 Nf8 23. Kf1 Qd7 24. Bg1 b5 25. Nf5 gxf5 26. gxf5 b4 27. Rg2 Ng6
28. fxg6 f5 29. Qh5 bxc3 30. Bd4 Kf8 31. Bxg7+ Qxg7 32. Qxf5+ Kg8 33. Rh7 Rf8
34. Rxg7+ Kxg7 35. Qg5 Rxf4+ 36. Qxf4 Rf8 37. Qxf8+ Kxf8 38. bxc3 Nxe4 39. c4
Nc3 40. a3 Nb1 41. Ke2 Nxa3 42. Kd3 Kg7 43. Rg5 1-0

[Event "Mitropa Cup 28th"]
[Site "Rogaska Slatina"]
[Date "2009.05.16"]
[Round "8"]
[White "Terrieux, Kevin"]
[Black "Ekstroem, Roland"]
[Result "1-0"]
[WhiteElo "2449"]
[BlackElo "2481"]
[PlyCount "81"]
[EventDate "2009.05.09"]
[EventType "team-tourn"]
[EventRounds "9"]
[EventCountry "SLO"]
[Source "ChessBase"]
[SourceDate "2009.07.02"]
[WhiteTeam "France"]
[BlackTeam "Switzerland"]
[WhiteTeamCountry "FRA"]
[BlackTeamCountry "SUI"]

1. d4 Nf6 2. c4 g6 3. Nc3 Bg7 4. e4 d6 5. Be2 O-O 6. Bg5 Na6 7. Qd2 e5 8. d5
Nc5 9. f3 a5 10. g4 c6 11. h4 cxd5 12. cxd5 Bd7 13. Nh3 b5 14. Nxb5 Nfxe4 15.
fxe4 f6 16. Be3 Nxe4 17. Qd1 f5 18. gxf5 gxf5 19. Ng5 Ng3 20. Rg1 f4 21. Nxd6
h6 22. Ne6 Bxe6 23. dxe6 Nxe2 24. Qd5 Kh7 25. Kxe2 fxe3 26. Rxg7+ Kxg7 27. Rg1+
Kf6 28. Ne4+ Kf5 29. Nd6+ Kf6 30. h5 Rb8 31. Rg6+ Ke7 32. Rg7+ Kf6 33. Rg6+ Ke7
34. Nf5+ Rxf5 35. Qc5+ Qd6 36. Rg7+ Kf6 37. Rg6+ Ke7 38. Rg7+ Kf6 39. Qxd6
Rxb2+ 40. Kxe3 Kxg7 41. Qd7+ 1-0